000 00269nam a2200121Ia 4500
005 20251222140053.0
008 251222s1900||||xx |||||||||||||| ||spa||
082 _a113.8/G45
100 _aGilson, Étienne
245 0 _aJean Duns Scot.
264 _bHerder
942 _cLIB
999 _c3654
_d3654